Závan Sparty Grécko si vyberá medzi nepríjemnou a veľmi nepríjemnou cestou
Súčasná hospodárska situácia Grécka. Rokovania v rámci Európskej únie o poskytnutí finančnej pomoci na záchranu Grécka pred bankrotom. Názory pre a proti. Riziká poskytnutia finančnej pomoci. Čo musí Grécko urobiť, aby pôžičku dostalo.
Gespeichert in:
| 1. Verfasser: | |
|---|---|
| Weitere Verfasser: | |
| Format: | Buchkapitel |
| Sprache: | Slowakisch |
| Schlagworte: | |
| Tags: |
Keine Tags, Fügen Sie das erste Tag hinzu!
|
MARC
| LEADER | 00000naa$a2200000$$$4500 | ||
|---|---|---|---|
| 001 | 0113398 | ||
| 005 | 20231009092128.1 | ||
| 041 | 0 | |a slo | |
| 044 | |a SK | ||
| 245 | 1 | 0 | |a Závan Sparty |b Grécko si vyberá medzi nepríjemnou a veľmi nepríjemnou cestou |c Tatiana Lichnerová, Ján Záborský |
| 520 | |a Súčasná hospodárska situácia Grécka. Rokovania v rámci Európskej únie o poskytnutí finančnej pomoci na záchranu Grécka pred bankrotom. Názory pre a proti. Riziká poskytnutia finančnej pomoci. Čo musí Grécko urobiť, aby pôžičku dostalo. | ||
| 610 | 2 | 0 | |a kríza finančná |
| 610 | 2 | 0 | |a kríza hospodárska |
| 610 | 2 | 0 | |a pomoc finančná |
| 610 | 2 | 0 | |a Grécko |
| 610 | 2 | 0 | |a Európska únia |
| 100 | 1 | |a Lichnerová, Tatiana | |
| 700 | 1 | |a Záborský, Ján | |